01070 2200361 4500001002100000005001500021007000300036008004100039020002200080035002000102040001600122041000800138082000800146084001400154090002200168100003500190245009400225250001900319264003300338300004100371336002100412337003000433338002300463504002900486650001500515700003700530700004300567850001000610990002200620990002200642990002200664990002200686INLIS00000000000448720260525112840ta260525 0  a978-979-29-5542-2 a0010-0122000119 aSPBUPDbind aind a070 a070 DUD m a006.68 DUA d 1-140 aDudi Sabil IskandarePengarang1 aMitos Jurnalisme /cDudi Sabil Iskandar;Pengarang Ke-2 Rini Lestari;Editor, Erang Risanto a.-Ed 1, Cet 10 a.--Yogyakarta :bANDI,c2016 axxii, 330 hal. :billus. ;c16x23 cm 2rdacontentaTeks 2rdamediaaTanpa Perantara 2rdacarrieravolume abibliografi, 165-168 hlm 4aJurnalisme0 aEditor, Erang RisantoePengarang0 aPengarang Ke-2 Rini LestariePengarang aPUPAD a25.386/B/DPK/2017 a25.387/B/DPK/2017 a25.389/B/DPK/2017 a25.390/B/DPK/2017